00896nam a2200241Ia 450000500170000000800410001702000180005804100080007608200150008410000230009924500340012225000120015626000320016830000090020052000280020965000470023770000230028490600070030794200070031499900170032195201580033895201580049620251122104547.0230125s9999 xx 000 0 und d a9788175543560 aeng a158.1bWIL aWilliams L9215493 aThe Ultimate Job Search Book a1st Ed. c2008bKogan PageaNew Delhi a214p aPersonality Development aPersonality Development;Job Search9215494 aWilliams L9215493 b49 cBK c96405d96405 00104070aHIMRbHIMRd2020-02-29eForward Booksg175.00i11222l0o158.1 WIL B20263pHIMR-BK-20263r2023-01-25 00:00:00v126.00w2023-01-25yBKzB20263 00104070aHIMRbHIMRd2020-02-29eForward Booksg175.00i11222l0o158.1 WIL B20264pHIMR-BK-20264r2023-01-25 00:00:00v126.00w2023-01-25yBKzB20264